1246 1010 1565 1606 1046 1104 1382 1189 1712 1382 1139 1468 1964 1170 1544 1080 1051 1333 1072 1277 1477 1953 1306 1179 1874 1633 1109 1543 1122 1896 1563 1457 1066 1231 1730 1258 1891 1066 1353 1216 1809 1238 1950 1992 1494 1738 1864 1672 1986 1069 1412 1922 1538 1500 1235 1117 1565 1963 1136 1586 1842 1688 1519 1635 1263 1219 1032 1978 1129 1461 1193 1409 1935 1272 1324 1702 1181 1871 1749 1204 1211 1687 1564 1814 1142 1057 1854 1094 1837 1860 1225 1327 1951 1106 1705 1712 1734 1159 1063 BCNSPRNW ULIB Ver.6.0+V

เปลี่ยนเป็นภาษาไทย

Change to English
 แสดงรายละเอียดบรรณานุกรม
  กลับหน้าหลัก

Brief Record : Get Marc (ISO 2709) : E-mail record : QR code < ปิดหน้าต่าง
LEADER : 00000nam 2200000uu 4500
001    13399126249
003     ULIB
008    180827s2560||||th 000 0 tha d
020    ^a9786162713941^c690.00
060    ^aWY161^bก492
245 00 ^aการพยาบาลศัลยศาสตร์และห้องผ่าตัดทันยุค 3 /^cบรรณาธิการ, ไพรสุดา บัวลอย, จรียา แซ่โง้ว, สิริพงศ์ ชีวธนากรณ์กุล, ศุภวัฒน์ เลาหวิริยะกมล, นันท์อัคร วิบูลย์ขวัญ
246 31 ^aUpdate surgical and Perioperative nursing
250    ^aพิมพ์ครั้งที่ 1
260    ^aสงขลา :^bภาควิชาศัลยศาสตร์ คณะ มหาวิทยาลัยสงขลานครินทร์,^c2560
300    ^a221 หน้า :^bภาพประกอบ
504    ^aบรรณานุกรมท้ายบท
504    ^aดัชนีท้ายเล่ม
590    ^aGift-T-60
650  7 ^aการพยาบาลศัลยศาสตร์
650  7 ^aพยาบาลห้องผ่าตัด
650  7 ^aศัลยศาสตร์ ^xรวมเรื่อง
690    ^aสิ่งพิมพ์มหาวิทยาลัยสงขลานครินทร์
700 0  ^aไพรสุดา บัวลอย^eบรรณาธิการ
700 0  ^aจรียา แซ่โง้ว
700 0  ^aสิริพงศ์ ชีวธนากรณ์กุล
700 0  ^aศุภวัฒน์ เลาหวิริยะกมล
700 0  ^aนันท์อัคร วิบูลย์ขวัญ
710 2  ^aมหาวิทยาลัยสงขลานครินทร์ ^bภาควิชาศัลยศาสตร์
850    ^aPSUCL
945    ^p690^l0^i004386
945    ^p690^l0^i004384
945    ^p690^l0^i004385
999    ^aประนอม เกษจรัล
รายการนี้ยังไม่มีแท็ก
คุณยังไม่ได้ล็อกอิน คุณสามารถมีกิจกรรมร่วมกับเว็บไซต์ได้ แต่ต้องล็อกอินก่อน ::
  ล็อกอิน

รายการสื่อสารสนเทศ

ลำดับที่ ประเภท เลขเรียก/บาร์โค้ด สถานที่ สถานะ
1. วิทยาศาสตร์การแพทย์ และสุขภาพ
หนังสือสำรอง
สถานะ=หนังสือสำรอง
WY161 ก492 ฉ.1 
  Barcode: 004384
ห้องสมุดวิทยาเขตสวรรค์ประชารักษ์
►หนังสือทั่วไป
บนชั้น
2. วิทยาศาสตร์การแพทย์ และสุขภาพ
วิทยาศาสตร์การแพทย์ และสุขภาพ
WY161 ก492 ฉ.2 
  Barcode: 004385
ห้องสมุดวิทยาเขตสวรรค์ประชารักษ์
►หนังสือทั่วไป
บนชั้น
3. วิทยาศาสตร์การแพทย์ และสุขภาพ
วิทยาศาสตร์การแพทย์ และสุขภาพ
WY161 ก492 ฉ.3 
  Barcode: 004386
ห้องสมุดวิทยาเขตสวรรค์ประชารักษ์
►หนังสือทั่วไป
บนชั้น

รายการใกล้เคียง
    หัวเรื่อง [การพยาบาลศัลยศาสตร์]
    หัวเรื่อง [พยาบาลห้องผ่าตัด]

BibComment


ยังไม่เคยถูกคอมเมนท์

คอมเมนท์ทรัพยากรรายการนี้
  คอมเมนท์: การพยาบาลศัลยศาส..


 Copyright 2026. Bcnsprnw @Library